000
00306nam a22001337a 4500
008
181010b xxu||||| |||| 00| 0 eng d
020
_a
9780205310180
041
_a
eng
080
_2
4th
_a
159.9
100
_a
48
101
_a
PSI
245
_a
Perspectives on Personality
_c
Carver,Ch.S
942
_2
udc
_c
BK
999
_c
49322
_d
49322